[Event "Eschborn op"]
[Site "Eschborn"]
[Date "2018.10.06"]
[Round "4"]
[White "Rolle, Klaus"]
[Black "Spiegel, Nina"]
[Result "1-0"]
[WhiteElo "1430"]
[BlackElo "1288"]
[PlyCount "48"]
[EventDate "2018.10.05"]
[EventType "swiss"]
[EventRounds "5"]
[EventCountry "GER"]
[SourceTitle "CBM 187 Extra"]
[Source "ChessBase"]
[SourceDate "2018.11.04"]
[SourceVersion "1"]
[SourceVersionDate "2018.11.04"]
[SourceQuality "1"]

1. c4 e5 2. Nc3 Nf6 3. g3 Bb4 4. Bg2 d6 5. Qa4+ Nc6 6. Bxc6+ bxc6 7. Qxb4 Bd7 8. Qb3 Rb8 9. Qc2 0-0 10. d3 h6 11. Bd2 Qe7 12. h3 d5 13. Nf3 e4 14. dxe4 dxe4 15. Nd4 c5 16. Nb3 Bc6 17. Be3 Rfe8 18. 0-0-0 Qe6 19. Nxc5 Qxc4 20. Nb3 Qa6 21. Rd4 Qc8 22. g4 Ba8 23. Nc5 a5 24. Rhd1 h5 1-0

[Event "Eschborn op"]
[Site "Eschborn"]
[Date "2018.10.06"]
[Round "3"]
[White "Tietzen, Stefan"]
[Black "Rolle, Klaus"]
[Result "1/2-1/2"]
[WhiteElo "2146"]
[BlackElo "1430"]
[PlyCount "40"]
[EventDate "2018.10.05"]
[EventType "swiss"]
[EventRounds "5"]
[EventCountry "GER"]
[SourceTitle "CBM 187 Extra"]
[Source "ChessBase"]
[SourceDate "2018.11.04"]
[SourceVersion "1"]
[SourceVersionDate "2018.11.04"]
[SourceQuality "1"]

1. e4 e5 2. Nf3 d6 3. d4 exd4 4. Nxd4 Nf6 5. Nc3 Be7 6. Be2 0-0 7. 0-0 Bd7 8. f4 Nc6 9. Be3 Nxd4 10. Bxd4 Bc6 11. Bf3 Nd7 12. Qe2 Bf6 13. e5 Re8 14. Bxc6 bxc6 15. Qf3 dxe5 16. fxe5 Nxe5 17. Bxe5 Rxe5 18. Qxc6 Re6 19. Qc4 Qd4+ 20. Qxd4 Bxd4+ 1/2-1/2

[Event "Rhein Main op-B 21st"]
[Site "Bad Homburg"]
[Date "2018.05.31"]
[Round "2"]
[White "Rolle, Klaus"]
[Black "Jahraus, Marlis"]
[Result "1/2-1/2"]
[WhiteElo "1820"]
[BlackElo "1550"]
[PlyCount "69"]
[EventDate "2018.05.30"]
[EventType "swiss"]
[EventRounds "7"]
[EventCountry "GER"]
[SourceTitle "EXT 2019"]
[Source "ChessBase"]
[SourceDate "2018.10.10"]
[SourceVersion "1"]
[SourceVersionDate "2018.10.10"]
[SourceQuality "1"]

1. c4 f5 2. Nc3 Nf6 3. g3 g6 4. Bg2 Bg7 5. d4 0-0 6. Nf3 d6 7. 0-0 Qe8 8. Bf4 Nh5 9. Qd2 Nxf4 10. Qxf4 e5 11. dxe5 dxe5 12. Qd2 c6 13. e4 f4 14. Rad1 Nd7 15. b4 Nf6 16. h3 fxg3 17. fxg3 Nh5 18. Kh2 h6 19. Nh4 Rxf1 20. Rxf1 Be6 21. c5 Rd8 22. Qc2 Bf6 23. Nf3 Qe7 24. Rd1 Rf8 25. Rd6 Kh7 26. Qd2 g5 27. Ng1 g4 28. hxg4 Bxg4 29. Bh3 Bxh3 30. Nxh3 Rf7 31. Nd1 Rg7 32. Rd3 Qe6 33. Qe2 Qf7 34. Qf2 Qg6 35. Qf5 1/2-1/2